000 00292nam a22001337a 4500
008 190311b xxu||||| |||| 00| 0 eng d
020 _a9780618890552
041 _aeng
080 _23rd
_a371
100 _a46
101 _aEDU
245 _aThe Reader's Corner
_cKanar,C
942 _2udc
_cBK
999 _c54665
_d54665